Normal view
MARC view
- Thurgood, Martin and Eve
Entry Corporate Name
001 - CONTROL NUMBER
- control field: 5396
003 - CONTROL NUMBER IDENTIFIER
- control field: OSt
005 - DATE AND TIME OF LATEST TRANSACTION
- control field: 20190806150242.0
008 - FIXED-LENGTH DATA ELEMENTS
- fixed length control field: 071016n| acannaabn |n ana d
040 ## - CATALOGING SOURCE
- Original cataloging agency: OSt
- Transcribing agency: OSt
110 2# - HEADING--CORPORATE NAME
- Corporate name or jurisdiction name as entry element: Thurgood, Martin and Eve
670 ## - SOURCE DATA FOUND
- Source citation: Particulars of The Astor Estate Office, Victoria Embankment, W.C., to be sold with vacant possession, 1920